000 01620nam a22002537a 4500
999 _c60161
_d60161
003 Ge_BSU
005 20230614125141.0
008 230614s2005 ge ||||| |||| 00| 0 geo d
020 _a15120252
041 _ageo
080 _a94+7(05) ნ-28
245 _aნარკვევები :
_bტ. X /
_cსამეცნ. რედ. ნოდარ ლომოური, გიორგი მარსაგიშვილი; რედ. ნინო ნადარაია. საქართველოს ეროვნული მუზეუმი შალვა ამირანაშვილის სახელობის ხელოვნების მუზეუმი.
264 _aთბილისი,
_c2005.
300 _a295 გვ.;
_bილ. ;
_c30 სმ.
500 _aპარალ. სათ. ინგლ. ენაზე
501 _aშემოკლ. განმარტ. გვ.291-292
653 _aისტორია
653 _aარქეოლოგია
700 _aლომოური, ნოდარ
_eსამეცნ. რედაქტორი
_95830
700 _aმარსაგიშვილი, გიორგი
_eსამეცნ. რედაქტორი
_918681
700 _aნადარაია, ნინო
_eრედაქტორი
_918696
710 _aსაქართველოს ეროვნული მუზეუმი
_bშალვა ამირანაშვილის სახელობის ხელოვნების მუზეუმი.
_918697
942 _2udc
_cBK